[Event "Puchong op 6th"]
[Site "Puchong"]
[Date "2019.08.25"]
[Round "5"]
[White "Cheah, Zong Ze"]
[Black "Wan Abd Rahim, Wan Mohd Azmie"]
[Result "0-1"]
[WhiteElo "1202"]
[BlackElo "1777"]
[PlyCount "60"]
[EventDate "2019.08.24"]
[EventType "swiss"]
[EventRounds "6"]
[EventCountry "MAS"]
[SourceTitle "EXT 2020"]
[Source "ChessBase"]
[SourceDate "2019.10.17"]
[SourceVersion "1"]
[SourceVersionDate "2019.10.17"]
[SourceQuality "1"]

1. e4 c6 2. d4 d5 3. exd5 cxd5 4. Bf4 Nc6 5. Nf3 Bf5 6. Bb5 Nf6 7. Ne5 Qb6 8. Nd2 Qxb5 9. Nb3 Nxe5 10. dxe5 Ne4 11. f3 Qb4+ 12. c3 Nxc3 13. bxc3 Qxf4 14. Qxd5 Qe3+ 15. Kd1 Rd8 16. Qd2 Rxd2+ 17. Nxd2 e6 18. Re1 Qd3 19. Rc1 Ba3 20. Rb1 0-0 21. Rb3 Rd8 22. Re2 Bc5 23. Ke1 Qc2 24. Rb1 Rxd2 25. Rxd2 Qxb1+ 26. Ke2 g5 27. g4 Bg6 28. h3 Qg1 29. Rb2 Qg2+ 30. Ke1 Qxb2 0-1